Paris Saint-Germain FC Squad 2019-20 - Statistics

General Stats
  • This quiz has been taken 36 times
  • The average score is 21 of 30
Answer Stats
Squad Number Position Nationality Answer % Correct
9 ST Uruguayan Edinson Cavani
100%
1 GK Costa Rican Keylor Navas
100%
5 CB Brazilian Marquinhos
100%
2 CB Brazilian Thiago Silva
100%
11 RW Argentine Ángel Di María
97%
10 LW Brazilian Neymar
97%
7 CF French Kylian Mbappé
94%
6 CM Italian Marco Verratti
94%
18 ST Argentine Mauro Icardi
94%
3 CB French Presnel Kimpembe
91%
12 RB Belgian Thomas Meunier
88%
14 LB Spanish Juan Bernat
84%
23 CM German Julian Draxler
81%
27 DM Senegalese Idrissa Gana Gueye
78%
8 CM Argentine Leandro Paredes
78%
17 CF Cameroonian Eric Maxim Choupo-Moting
75%
- Manager Germam Thomas Tuchel
75%
19 RW Spanish Pablo Sarabia
72%
16 GK Spanish Sergio Rico
72%
4 CB German Thilo Kehrer
66%
21 CM Spanish Ander Herrera
53%
20 LB French Layvin Kurzawa
53%
25 LB Dutch Mitchel Bakker
41%
22 CB French Abdou Diallo
38%
31 LB French Colin Dagba
38%
30 GK Polish Marcin Bułka
34%
33 CB French Tanguy Kouassi
25%
40 GK French Garissone Innocent
16%
36 CB French Loïc Mbe Soh
13%
38 AM French Adil Aouchiche
6%
No matching quizzes found
Score Distribution
Percent of People with Each Score
Percentile by Number Answered
Your Score History
You have not taken this quiz